20 Bands on P - Statistics

General Stats
  • This quiz has been taken 19 times
  • The average score is 5 of 25
Answer Stats
Answer % Correct
Pink Floyd
71%
Pantera
57%
Pulp
43%
the Pretenders
43%
Pearl Jam
36%
the Police
36%
Pet Shop Boys
29%
Pavement
21%
the Platters
21%
the Proclaimers
21%
Pixies
14%
Placebo
14%
Portishead
14%
Primal Scream
14%
Public Enemy
14%
Pussy Riot
14%
the Pogues
14%
the Pusjkins
14%
Procol Harum
7%
the Psychedelic Furs
7%
Plastic Ono Band
0%
Public Image Ltd.
0%
the Pointers Sisters
0%
the Pretty Things
0%
the Prodigy
0%
No matching quizzes found
Score Distribution
Percent of People with Each Score
Percentile by Number Answered
Your Score History
You have not taken this quiz